[Event "Reykjavik Open 2015"]
[Site "Reykjavik ISL"]
[Date "2015.03.10"]
[Round "1.134"]
[White "Tolhuizen, Ludo"]
[Black "Klofsrud, August"]
[Result "1-0"]
[WhiteElo "2123"]
[BlackElo "1571"]
[WhiteFideId "1000802"]
[BlackFideId "1518232"]
[EventDate "2015.03.10"]

1. d4 d5 2. Nf3 Nf6 3. e3 c5 4. c3 Nc6 5. dxc5 Bg4 6. Nbd2 e6 7. b4 a5 8. Bb5
Be7 9. Bb2 O-O 10. a3 Ne5 11. Be2 Nxf3+ 12. Nxf3 Ne4 13. O-O Bf6 14. Qc2 Rc8 15.
Nd4 Bxe2 16. Qxe2 b6 17. cxb6 Qxb6 18. Rfc1 Rc4 19. Rc2 Rfc8 20. Rac1 a4 21. Qd3
Nd6 22. Nf3 R8c6 23. Nd2 Qc7 24. Nxc4 Nxc4 25. e4 Bg5 26. exd5 Rd6 27. Re1 g6
28. Qg3 Qe7 29. Qg4 Nxb2 30. Rxb2 Rxd5 31. Rd1 Rf5 32. g3 h5 33. Qe2 h4 34. Qe4
hxg3 35. hxg3 Qa7 36. b5 Qb6 37. Qc6 Qxc6 38. bxc6 Rc5 39. Rd7 Rxc6 40. Rbb7 Bh6
41. Rxf7 Rxc3 42. Rfc7 Rxa3 43. Rb6 Ra2 44. Rb8+ 1-0

[Event "Reykjavik Open 2015"]
[Site "Reykjavik ISL"]
[Date "2015.03.11"]
[Round "2.10"]
[White "Haldorsen, Benjamin"]
[Black "L'Ami, Erwin"]
[Result "0-1"]
[BlackTitle "GM"]
[WhiteElo "2307"]
[BlackElo "2605"]
[WhiteFideId "1512633"]
[BlackFideId "1007998"]
[EventDate "2015.03.10"]

1. e4 e6 2. d4 d5 3. Nc3 Bb4 4. Ne2 dxe4 5. a3 Bxc3+ 6. Nxc3 Nc6 7. Bb5 Ne7 8.
Be3 O-O 9. Qd2 a6 10. Bxc6 Nxc6 11. Nxe4 b6 12. O-O-O Bb7 13. f3 Qe7 14. Kb1
Rad8 15. Qc3 Rd7 16. h4 f6 17. h5 h6 18. Rhe1 Rfd8 19. Nf2 Qf7 20. f4 Qxh5 21.
g4 Qa5 22. Qb3 Qd5 23. c4 Qf3 24. Qc3 Ne7 25. Rc1 b5 26. Ka1 bxc4 27. Qxc4 Bd5
28. Qxa6 h5 29. gxh5 Nf5 30. Qe2 Qxe2 31. Rxe2 Kf7 32. Nd3 Rh8 33. Nc5 Rd6 34.
Nd3 c6 35. Nb4 Bf3 36. Rf2 Be4 37. Re2 Rxh5 38. d5 cxd5 39. Rc7+ Kg6 40. Bc5 Rd8
41. Nc6 Ra8 42. Re1 Rh4 43. Rg1+ Kh5 44. Ba7 Rxf4 45. b4 d4 46. b5 Bxc6 47. bxc6
d3 48. Rd7 Rc4 49. c7 Rxa7 50. c8=Q Rxa3+ 51. Kb2 Rxc8 52. Kxa3 g5 53. Kb3 g4
54. Rxd3 e5 55. Rdd1 Kg5 56. Kb2 Nd4 57. Rg3 Rb8+ 0-1

[Event "Reykjavik Open 2015"]
[Site "Reykjavik ISL"]
[Date "2015.03.11"]
[Round "2.47"]
[White "Gonzalez Gonzalez, Alfonso"]
[Black "Soors, Stef"]
[Result "0-1"]
[BlackTitle "IM"]
[WhiteElo "2122"]
[BlackElo "2408"]
[WhiteFideId "2223007"]
[BlackFideId "209511"]
[EventDate "2015.03.10"]

1. e4 c6 2. Nc3 d5 3. Nf3 Bg4 4. h3 Bxf3 5. gxf3 e6 6. d4 Nf6 7. Qd3 b5 8. Rg1
a5 9. Be3 Nbd7 10. Rd1 Nb6 11. Bc1 g6 12. Ne2 Be7 13. Ng3 Qc7 14. Be2 a4 15. Kf1
O-O-O 16. Qc3 Kb7 17. b3 Ra8 18. Be3 h5 19. e5 Nfd7 20. Kg2 Rhc8 21. Qb2 b4 22.
c4 bxc3 23. Qxc3 c5 24. f4 cxd4 25. Qxd4 Bc5 26. Qd2 Bxe3 27. Qxe3 Qc5 28. Qf3
axb3 29. axb3 Qc3 30. Rd3 Qb2 31. b4 Qxb4 32. Rb3 Qc5 33. Rgb1 Ra5 34. Bb5 Nb8
35. Bf1 Rc6 36. Bb5 Rc8 37. Bf1 Nd7 38. Bb5 Ka8 39. Bxd7 Nxd7 40. Rb7 Ra3 41.
R1b3 Rxb3 42. Rxb3 Qc4 43. Qd1 Rc7 44. Qf3 Nc5 45. Rc3 Qd4 46. h4 Kb8 47. Re3
Ra7 48. Ra3 Rxa3 49. Qxa3 Kb7 50. Kh3 Qxf2 51. Qb4+ Kc6 52. f5 exf5 53. e6 f4 0-1

[Event "Reykjavik Open 2015"]
[Site "Reykjavik ISL"]
[Date "2015.03.11"]
[Round "2.65"]
[White "Cummings, David H."]
[Black "Sibiya, Ruddy T"]
[Result "1-0"]
[WhiteTitle "IM"]
[WhiteElo "2345"]
[BlackElo "1784"]
[WhiteFideId "2603578"]
[BlackFideId "14308711"]
[EventDate "2015.03.10"]

1. d4 Nf6 2. c4 e6 3. Nc3 Bb4 4. e3 O-O 5. Ne2 b6 6. a3 Be7 7. Ng3 Bb7 8. e4 d5
9. e5 Ne8 10. cxd5 exd5 11. Bd3 g6 12. Bh6 Ng7 13. h4 Ba6 14. h5 Bxd3 15. Qxd3
Re8 16. O-O-O Bg5+ 17. Bxg5 Qxg5+ 18. Kb1 c6 19. Rdf1 Ne6 20. Nce2 Nf4 21. Qd2
Ne6 22. f4 Qg4 23. hxg6 hxg6 24. f5 Nxd4 25. Qh6 1-0

[Event "Reykjavik Open 2015"]
[Site "Reykjavik ISL"]
[Date "2015.03.11"]
[Round "2.86"]
[White "Hansen, Lars-Henrik Bech"]
[Black "Miszkielo, Bartosz"]
[Result "1-0"]
[WhiteElo "1994"]
[BlackElo "1694"]
[WhiteFideId "1402021"]
[BlackFideId "1185160"]
[EventDate "2015.03.10"]

1. e4 c5 2. Nc3 Nc6 3. Nf3 d6 4. d4 cxd4 5. Nxd4 g6 6. Be3 Bg7 7. Qd2 Nf6 8. f3
Bd7 9. O-O-O Rc8 10. g4 a6 11. g5 Nh5 12. Nd5 e6 13. Nxc6 Rxc6 14. Nb4 Qa5 15.
Kb1 Rc8 16. Qxd6 Ba4 17. Bb6 Qxg5 18. b3 Be5 19. Qd3 Qe7 20. bxa4 Qxb4+ 21. Qb3
Qxb3+ 22. axb3 Ke7 23. Bc4 Rc6 24. Ba5 Rb8 25. Bb4+ Bd6 26. Rxd6 Rxd6 27. Rd1
Rd8 28. Rxd6 Rxd6 29. e5 1-0

[Event "Reykjavik Open 2015"]
[Site "Reykjavik ISL"]
[Date "2015.03.11"]
[Round "2.87"]
[White "Hauksdottir, Hrund"]
[Black "Carlsen, Henrik"]
[Result "0-1"]
[WhiteElo "1692"]
[BlackElo "1986"]
[WhiteFideId "2302608"]
[BlackFideId "1502832"]
[EventDate "2015.03.10"]

1. e4 e6 2. d4 d5 3. exd5 exd5 4. Bd3 Bd6 5. c3 Ne7 6. Bg5 f6 7. Bh4 Bf5 8. Bg3
Be4 9. Bxe4 dxe4 10. Qg4 O-O 11. Qxe4 Ng6 12. Qxb7 Qe7+ 13. Ne2 Nd7 14. Nd2 Rfe8
15. Qf3 Bf4 16. Nc4 c5 17. Ne3 cxd4 18. Nxd4 Nde5 19. Qd5+ Nf7 20. Nf5 Qc7 21.
O-O Rad8 22. Qb3 Qc5 23. Rad1 Rb8 24. Qa4 Bxg3 25. hxg3 Re5 26. Rd2 Rxf5 27.
Nxf5 Qxf5 28. Qxa7 Rf8 29. Rd7 Nge5 30. Rc7 Qg6 31. a4 Ng4 32. f3 Nge5 33. a5
Qxg3 34. a6 Nd6 35. Qc5 h5 36. f4 Ng4 37. Qd5+ Kh8 38. Qxh5+ Kg8 39. Re7 Ne3 40.
Qf3 Nxf1 41. Qxf1 Nf5 42. Rb7 Re8 43. a7 Re1 44. a8=Q+ Kh7 45. Qa6 Ne3 46. Qd3+
Kh6 47. Rxg7 Kxg7 48. Qd7+ Kh6 0-1

[Event "Reykjavik Open 2015"]
[Site "Reykjavik ISL"]
[Date "2015.03.11"]
[Round "2.115"]
[White "Johansen, Lars"]
[Black "Starosciak, Adrian"]
[Result "1-0"]
[WhiteElo "1855"]
[BlackElo "1304"]
[WhiteFideId "1506455"]
[BlackFideId "1192140"]
[EventDate "2015.03.10"]

1. d4 d5 2. c4 e6 3. Nc3 Bb4 4. e3 Nf6 5. Bd3 O-O 6. Ne2 b6 7. a3 Bd6 8. Ng3 Bb7
9. cxd5 exd5 10. O-O Nbd7 11. Nf5 Re8 12. Nxd6 cxd6 13. Nb5 Nf8 14. Bd2 Ng6 15.
Bb4 Re6 16. Bf5 Ba6 17. Qa4 Bxb5 18. Qxb5 Re8 19. Rac1 Nh4 20. Bb1 Rc8 21. Rxc8
Qxc8 22. Bxd6 Qe6 23. Bg3 Nf5 24. Rc1 Rc8 25. Qf1 h5 26. Rc3 h4 27. Bxf5 Qxf5
28. Bxh4 Rxc3 29. bxc3 g5 30. Bg3 Ne4 31. Qc1 Qe6 32. f3 Nf6 33. Kf2 g4 34. Qd1
Qc8 35. Qd3 Kg7 36. Be5 gxf3 37. Bxf6+ Kxf6 38. Kxf3 Qh8 39. h3 Qh5+ 40. Kf2
Qh4+ 41. Kf1 Ke6 42. Qe2 Qe7 43. Qg4+ Kd6 44. Ke2 Kc6 45. a4 Qa3 46. Qc8+ Kd6
47. Qf8+ 1-0

[Event "Reykjavik Open 2015"]
[Site "Reykjavik ISL"]
[Date "2015.03.11"]
[Round "2.119"]
[White "Andersen, Dag"]
[Black "Davidsson, Stefan Orri"]
[Result "1-0"]
[WhiteElo "1843"]
[BlackElo "1038"]
[WhiteFideId "1504568"]
[BlackFideId "2311399"]
[EventDate "2015.03.10"]

1. d4 e6 2. c4 d5 3. Nc3 Nf6 4. cxd5 exd5 5. Bg5 Bb4 6. Qc2 h6 7. Bh4 Nc6 8. e3
g5 9. Bg3 Ne7 10. Bd3 Be6 11. Ne2 Nd7 12. a3 Bxc3+ 13. Nxc3 Nb6 14. Nb5 Kd7 15.
Nxc7 Rc8 16. Bb5+ Nc6 17. Bxc6+ bxc6 18. Nxe6 Kxe6 19. O-O f5 20. Rfe1 h5 21. f3
h4 22. Be5 Rh7 23. g4 hxg3 24. Bxg3 Qf6 25. Qc5 Kf7 26. Re2 Kg6 27. Be5 Qe7 28.
Qxe7 Rxe7 29. b3 Nd7 30. Bd6 Re6 31. Bb4 Rce8 32. Rae1 Nf6 33. Bc5 a6 34. Bb4 f4
35. Kf2 Kh5 36. exf4 Rxe2+ 37. Rxe2 Rxe2+ 38. Kxe2 gxf4 39. Bd6 Kg5 40. Kd3 Nh5
41. Kc3 Kf6 42. Kb4 Ke6 43. Be5 Kd7 44. Ka5 Kc8 45. Kxa6 c5 46. dxc5 d4 47. Bxd4
Kc7 48. Be5+ Kc6 49. b4 Kd5 50. Bh8 Ng3 51. Kb7 Nf5 52. Bf6 Kc4 53. Be5 Kb3 54.
c6 Ne7 55. c7 Kxa3 56. Bd6 Nf5 57. Bc5 1-0

[Event "Reykjavik Open 2015"]
[Site "Reykjavik ISL"]
[Date "2015.03.11"]
[Round "3.4"]
[White "Pulvett Marin, Daniel"]
[Black "Jones, Gawain C B"]
[Result "1/2-1/2"]
[WhiteTitle "IM"]
[BlackTitle "GM"]
[WhiteElo "2434"]
[BlackElo "2642"]
[WhiteFideId "3900410"]
[BlackFideId "409561"]
[EventDate "2015.03.10"]

1. d4 Nf6 2. c4 g6 3. Nc3 Bg7 4. e4 d6 5. Nf3 O-O 6. Be2 e5 7. Be3 Qe8 8. dxe5
Ng4 9. Bg5 Nxe5 10. O-O Na6 11. Nd4 Nc6 12. Be3 Bd7 13. Qd2 Nc5 14. Ndb5 Rc8 15.
Nd5 Nxe4 16. Qc2 Qe5 17. Rae1 f5 18. b4 a6 19. Bf4 Qb2 20. Qxb2 Bxb2 21. Nbxc7
g5 22. Be3 f4 23. Bb6 Nd2 24. b5 Ne5 25. Ne7+ Kg7 26. Nxc8 Rxc8 27. Rb1 Ba3 28.
Rfd1 Nxb1 29. Rxb1 Bf5 30. Rb3 Bc1 31. a4 Kf8 32. bxa6 bxa6 33. Nxa6 Nxc4 34.
Bc7 d5 35. Bxc4 dxc4 36. Rc3 Bd2 37. Rxc4 Kf7 38. Rc5 Kg6 39. Be5 Rd8 40. h4
gxh4 41. Rc6+ Kh5 42. Rd6 Rxd6 43. Bxd6 Bc2 44. Nc5 Kg4 45. Ne4 Bxe4 46. f3+
Bxf3 47. gxf3+ Kxf3 48. a5 Bxa5 49. Bxf4 Bb6+ 50. Kh1 Kxf4 51. Kh2 Kf3 52. Kh1
Kf2 53. Kh2 Kf1 54. Kh1 h3 55. Kh2 Bg1+ 56. Kh1 h2 1/2-1/2

[Event "Reykjavik Open 2015"]
[Site "Reykjavik ISL"]
[Date "2015.03.11"]
[Round "3.5"]
[White "L'Ami, Erwin"]
[Black "Wang, Yiye"]
[Result "1-0"]
[WhiteTitle "GM"]
[BlackTitle "IM"]
[WhiteElo "2605"]
[BlackElo "2433"]
[WhiteFideId "1007998"]
[BlackFideId "8606021"]
[EventDate "2015.03.10"]

1. d4 d5 2. c4 c6 3. Nf3 Nf6 4. Nc3 dxc4 5. a4 Bf5 6. e3 Na6 7. Bxc4 Nb4 8. O-O
e6 9. Qe2 Be7 10. Bd2 O-O 11. Rfd1 h6 12. Na2 Nxa2 13. Rxa2 a5 14. Bc3 Qb6 15.
Ne5 Rfd8 16. Raa1 Bb4 17. Rac1 Be4 18. Bd3 Bxd3 19. Qxd3 Bxc3 20. bxc3 Nd7 21.
Rb1 Nxe5 22. Rxb6 Nxd3 23. Rxd3 Rd7 24. Rd1 Rc8 25. Rdb1 Rcc7 26. g4 Kf8 27. Kg2
Ke8 28. f4 c5 29. R6b5 cxd4 30. cxd4 Rc2+ 31. Kg3 Rc3 32. R1b3 Rxb3 33. Rxb3 Rc7
34. f5 exf5 35. gxf5 Rc4 36. Rxb7 Rxa4 37. Kf4 Ra3 38. e4 a4 39. Ke5 Rb3 40. Ra7
a3 41. Kd6 Rb6+ 42. Kc5 Rb3 43. e5 Rb2 44. Rxa3 1-0

[Event "Reykjavik Open 2015"]
[Site "Reykjavik ISL"]
[Date "2015.03.11"]
[Round "3.6"]
[White "Thorfinnsson, Bragi"]
[Black "Grandelius, Nils"]
[Result "1/2-1/2"]
[WhiteTitle "IM"]
[BlackTitle "GM"]
[WhiteElo "2429"]
[BlackElo "2603"]
[WhiteFideId "2300958"]
[BlackFideId "1710400"]
[EventDate "2015.03.10"]

1. c4 e5 2. Nc3 Nf6 3. g3 Nc6 4. Bg2 Bc5 5. a3 a6 6. b4 Ba7 7. Bb2 O-O 8. e3 d6
9. Nge2 Ne7 10. d3 Rb8 11. O-O Be6 12. h3 b5 13. cxb5 axb5 14. Kh2 Nd7 15. Qd2
f5 16. f4 Nf6 17. Rfc1 Bf7 18. Ng1 Re8 19. Nf3 Ned5 20. Re1 exf4 21. exf4 Ne3
22. Bh1 Qd7 23. Re2 Re7 24. Rae1 Rbe8 25. d4 Nfd5 26. Ng5 Nxc3 27. Rxe3 Rxe3 28.
Rxe3 Rxe3 29. Qxe3 Nd5 30. Qe2 c6 31. Nxf7 Kxf7 32. Bxd5+ cxd5 33. Qh5+ Kg8 34.
Qe2 Kf7 35. Qh5+ Kg8 36. Qe2 g6 37. g4 Bb6 38. Kg3 Bd8 39. g5 Kf7 40. h4 Qc6 41.
h5 Be7 42. h6 Bd8 43. Kf3 Bb6 44. Ba1 Qc1 45. Qxb5 Qxa3+ 46. Kg2 Qa2+ 47. Kg3
Qb3+ 48. Kf2 Bd8 49. Qb7+ Be7 50. Qa8 Qc2+ 51. Kg3 Qd3+ 52. Kf2 Qe4 53. Kg3 Qe3+
54. Kg2 Qe2+ 55. Kg1 Qg4+ 56. Kh1 Qd1+ 57. Kg2 Qc2+ 58. Kg3 Ke6 59. Qg8+ Kd7 60.
Qxd5 Qd3+ 61. Qf3 Qxf3+ 62. Kxf3 Kc6 63. d5+ Kxd5 64. Bf6 Bf8 65. Bg7 Be7 66.
Bf6 1/2-1/2

[Event "Reykjavik Open 2015"]
[Site "Reykjavik ISL"]
[Date "2015.03.11"]
[Round "3.7"]
[White "Fier, Alexandr"]
[Black "Esserman, Marc"]
[Result "1-0"]
[WhiteTitle "GM"]
[BlackTitle "IM"]
[WhiteElo "2601"]
[BlackElo "2426"]
[WhiteFideId "2107139"]
[BlackFideId "2018616"]
[EventDate "2015.03.10"]

1. d4 Nf6 2. c4 g6 3. Nc3 Bg7 4. e4 d6 5. Be2 O-O 6. Bg5 Na6 7. f4 c6 8. Qd2 d5
9. exd5 cxd5 10. Bxf6 exf6 11. Nxd5 Re8 12. Nf3 Be6 13. Ne3 Qe7 14. O-O Bd7 15.
Kf2 Bc6 16. Rae1 Rad8 17. d5 Nc5 18. Bd3 Qc7 19. g3 a5 20. Re2 f5 21. Rfe1 Bxb2
22. Bb1 Bf6 23. Ne5 Bxe5 24. fxe5 Rxe5 25. Nxf5 Qb6 26. Kg2 Rxe2+ 27. Rxe2 gxf5
28. Qg5+ Kf8 29. dxc6 Qxc6+ 30. Be4 Qd6 31. Bd5 Re8 32. Rxe8+ Kxe8 33. Qg8+ Qf8
34. Qxh7 f4 35. Qf5 Nd7 36. Qxf4 Qg7 37. Qd2 Nb6 1-0

[Event "Reykjavik Open 2015"]
[Site "Reykjavik ISL"]
[Date "2015.03.11"]
[Round "3.9"]
[White "Gretarsson, Hjorvar Steinn"]
[Black "Sequera Paolini, Jose Rafael"]
[Result "1-0"]
[WhiteTitle "GM"]
[BlackTitle "IM"]
[WhiteElo "2554"]
[BlackElo "2408"]
[WhiteFideId "2302241"]
[BlackFideId "3900304"]
[EventDate "2015.03.10"]

1. d4 e6 2. c4 f5 3. g3 Nf6 4. Bg2 Be7 5. Nf3 c6 6. O-O O-O 7. Qc2 a5 8. b3 a4
9. Ba3 Bxa3 10. Nxa3 Qe7 11. Qb2 d6 12. b4 Nbd7 13. c5 d5 14. Ne5 g5 15. f4 gxf4
16. gxf4 Kh8 17. Qc3 Rg8 18. Kh1 Nxe5 19. dxe5 Ng4 20. Bh3 Bd7 21. Nc2 Qh4 22.
Qf3 Rg6 23. Bxg4 Rxg4 24. Ne3 Rg7 25. Qf2 Qxf2 26. Rxf2 b5 27. cxb6 c5 28. bxc5
d4 29. Nc2 Bc6+ 30. Rf3 Bxf3+ 31. exf3 d3 32. Ne3 Rc8 33. Rb1 Rb7 34. Rb5 d2 35.
Kg2 Rd7 36. b7 Rg8+ 37. Kf2 d1=Q 38. Nxd1 Rxd1 39. b8=Q Rxb8 40. Rxb8+ Kg7 41.
Rb7+ Kf8 42. c6 Rc1 43. c7 Ke8 44. Rb8+ Kd7 45. c8=Q+ Rxc8 46. Rxc8 Kxc8 47. Ke3 1-0

[Event "Reykjavik Open 2015"]
[Site "Reykjavik ISL"]
[Date "2015.03.11"]
[Round "3.10"]
[White "Stopa, Jacek"]
[Black "Soors, Stef"]
[Result "1-0"]
[WhiteTitle "IM"]
[BlackTitle "IM"]
[WhiteElo "2544"]
[BlackElo "2408"]
[WhiteFideId "1119591"]
[BlackFideId "209511"]
[EventDate "2015.03.10"]

1. d4 Nf6 2. c4 e6 3. Nc3 Bb4 4. f3 d5 5. a3 Be7 6. e4 dxe4 7. fxe4 e5 8. d5 Bc5
9. Bg5 h6 10. Bh4 Bd4 11. Nb5 Bxb2 12. Rb1 a6 13. Bxf6 gxf6 14. Nxc7+ Qxc7 15.
Rxb2 Nd7 16. Qf3 b5 17. Nh3 bxc4 18. Nf2 Rg8 19. g3 Rg6 20. Be2 Nb6 21. O-O Bd7
22. Qe3 f5 23. exf5 Bxf5 24. d6 1-0

[Event "Reykjavik Open 2015"]
[Site "Reykjavik ISL"]
[Date "2015.03.11"]
[Round "3.11"]
[White "Steingrimsson, Hedinn"]
[Black "Ahlander, Bjorn"]
[Result "1-0"]
[WhiteTitle "GM"]
[BlackTitle "IM"]
[WhiteElo "2530"]
[BlackElo "2380"]
[WhiteFideId "2300117"]
[BlackFideId "1700251"]
[EventDate "2015.03.10"]

1. d4 e6 2. c4 c5 3. d5 exd5 4. cxd5 d6 5. Nc3 Ne7 6. e4 Ng6 7. g3 Be7 8. h4 O-O
9. f4 Re8 10. h5 Nf8 11. g4 Bh4+ 12. Kd2 Bf6 13. Qf3 a6 14. g5 Bd4 15. Nge2 f5
16. gxf6 Qxf6 17. Nxd4 cxd4 18. Nd1 Nbd7 19. Nf2 Nc5 20. Bg2 Bd7 21. b3 d3 22.
Ba3 Rac8 23. Rac1 a5 24. Rhe1 b6 25. Qe3 Bf5 26. Bxc5 Qb2+ 27. Kxd3 bxc5 28. Qd2
Qd4+ 29. Kc2 Qxd2+ 30. Kxd2 Bd7 31. e5 Bf5 32. Be4 g6 33. Bxf5 gxf5 34. Rg1+ Kh8
35. e6 h6 36. Nd1 Nh7 37. Rg6 Rg8 38. Ne3 Rxg6 39. hxg6 Nf6 40. Rh1 h5 41. Nxf5
c4 42. Nxd6 c3+ 43. Kc2 Rc5 44. e7 Kg7 45. Rxh5 Kxg6 46. Rg5+ 1-0

[Event "Reykjavik Open 2015"]
[Site "Reykjavik ISL"]
[Date "2015.03.11"]
[Round "3.12"]
[White "Jensson, Einar Hjalti"]
[Black "Brunello, Sabino"]
[Result "1/2-1/2"]
[WhiteTitle "FM"]
[BlackTitle "GM"]
[WhiteElo "2390"]
[BlackElo "2540"]
[WhiteFideId "2301067"]
[BlackFideId "813613"]
[EventDate "2015.03.10"]

1. d4 Nf6 2. c4 e6 3. Nc3 Bb4 4. Nf3 b6 5. Qb3 c5 6. Bg5 Bb7 7. e3 Nc6 8. a3 Na5
9. Qc2 Bxc3+ 10. Qxc3 Ne4 11. Bxd8 Nxc3 12. Bxb6 axb6 13. bxc3 Bxf3 14. gxf3 Nb3
15. Ra2 Ra4 16. Kd1 Ke7 17. Kc2 Na5 18. Rb2 Rxa3 19. Rxb6 Ra1 20. Rb1 Ra2+ 21.
Rb2 Ra1 22. Rb1 Ra2+ 23. Rb2 Ra1 24. Rb1 Ra2+ 25. Rb2 Ra1 1/2-1/2

[Event "Reykjavik Open 2015"]
[Site "Reykjavik ISL"]
[Date "2015.03.11"]
[Round "3.13"]
[White "Gao, Rui"]
[Black "Shen, Victor C"]
[Result "1-0"]
[WhiteTitle "GM"]
[BlackTitle "IM"]
[WhiteElo "2533"]
[BlackElo "2401"]
[WhiteFideId "8602387"]
[BlackFideId "2028581"]
[EventDate "2015.03.10"]

1. e4 e5 2. Nf3 Nc6 3. Bb5 a6 4. Ba4 Nf6 5. O-O Be7 6. Re1 b5 7. Bb3 d6 8. c3
O-O 9. h3 Na5 10. Bc2 c5 11. d4 Qc7 12. Nbd2 cxd4 13. cxd4 Nc6 14. Nb3 a5 15.
Be3 a4 16. Nbd2 Bd7 17. Rc1 Rac8 18. Nf1 Qb8 19. Ng3 Nb4 20. Bb1 Rxc1 21. Qxc1
g6 22. Qd2 Nc6 23. d5 Na7 24. Bd3 Qb7 25. Qb4 Nc8 26. b3 axb3 27. axb3 Ne8 28.
Bh6 Ng7 29. Rc1 Bd8 30. Nh2 Qa6 31. Qd2 Ne7 32. Ng4 f6 33. Rf1 Qc8 34. Qb4 Qa6
35. Qd2 Qc8 36. Qe2 Qb8 37. Kh2 f5 38. exf5 Nexf5 39. Ne4 Nxh6 40. Nxh6+ Kh8 41.
Qd2 Nh5 42. g3 Qb6 43. Be2 Be7 44. Bg4 Be8 45. Kg2 Nf6 46. Nxf6 Bxf6 47. Be6 b4
48. Ng4 Bg7 49. Rc1 Qd4 50. Qe2 Qb6 51. Rc8 Qb5 52. Qe4 h5 53. Nh2 Kh7 54. Nf3
Bf6 55. Rc7+ Kh8 56. Qe3 Bg7 57. Nd2 Qa5 58. Ra7 Qd8 59. Ne4 Bb5 60. Rb7 Ba6 61.
Rd7 Qa5 62. Nxd6 Qa1 63. Nf7+ Kh7 64. Qh6+ 1-0

[Event "Reykjavik Open 2015"]
[Site "Reykjavik ISL"]
[Date "2015.03.11"]
[Round "3.14"]
[White "Hauge, Lars Oskar"]
[Black "Rasmussen, Allan Stig"]
[Result "1-0"]
[WhiteTitle "FM"]
[BlackTitle "GM"]
[WhiteElo "2380"]
[BlackElo "2532"]
[WhiteFideId "1509276"]
[BlackFideId "1406000"]
[EventDate "2015.03.10"]

1. d4 f5 2. Nf3 Nf6 3. Bg5 e6 4. Nbd2 h6 5. Bxf6 Qxf6 6. e4 d6 7. exf5 exf5 8.
Bc4 Nc6 9. O-O Nxd4 10. Nxd4 Qxd4 11. Re1+ Be7 12. Qh5+ Kd8 13. Re2 Bd7 14. Rae1
Bf6 15. c3 Qh4 16. Qf7 c6 17. Be6 Bc8 18. Nf3 Qa4 19. Bb3 1-0

[Event "Reykjavik Open 2015"]
[Site "Reykjavik ISL"]
[Date "2015.03.11"]
[Round "3.15"]
[White "Danielsen, Henrik"]
[Black "Abdumalik, Zhansaya"]
[Result "0-1"]
[WhiteTitle "GM"]
[BlackTitle "WGM"]
[WhiteElo "2514"]
[BlackElo "2379"]
[WhiteFideId "1400185"]
[BlackFideId "13703544"]
[EventDate "2015.03.10"]

1. f4 d5 2. Nf3 Nf6 3. g3 g6 4. Bg2 Bg7 5. O-O O-O 6. d3 c5 7. c3 Nc6 8. Na3 Re8
9. Nh4 h6 10. e4 dxe4 11. dxe4 Qxd1 12. Rxd1 e5 13. Nb5 Re7 14. Re1 b6 15. f5 g5
16. Nf3 Ba6 17. a4 Rd8 18. Nd2 Na5 19. b3 Red7 20. Ra2 g4 21. Rc2 Rc8 22. Bf1 h5
23. Na3 Bb7 24. Bg2 Bh6 25. Nac4 Bxd2 26. Nxd2 Ba6 27. Bf1 Bxf1 28. Kxf1 c4 29.
b4 Nb3 30. Nb1 Nxc1 31. Rcxc1 Rcd8 32. Na3 Rd2 33. Re2 Rxe2 34. Kxe2 Nxe4 35.
Nxc4 Rc8 36. Kd3 Nf2+ 37. Ke3 Rxc4 38. Kxf2 a5 39. Rb1 Kg7 40. Rb3 Kf6 41. Ke3
axb4 42. cxb4 Rd4 43. Rb1 Kxf5 44. Rb2 f6 45. Rb1 Kg5 46. Ke2 h4 47. Ke3 h3 48.
Rb2 f5 49. Rb1 Kf6 50. Rb2 Kg6 51. Rb1 Kg5 52. Rb2 Rd1 53. Ra2 f4+ 54. Ke4 Re1+
55. Kd5 f3 56. Rc2 e4 57. Ke6 e3 58. a5 f2 0-1

[Event "Reykjavik Open 2015"]
[Site "Reykjavik ISL"]
[Date "2015.03.11"]
[Round "3.16"]
[White "Tari, Aryan"]
[Black "Arngrimsson, Dagur"]
[Result "1-0"]
[WhiteTitle "IM"]
[BlackTitle "IM"]
[WhiteElo "2509"]
[BlackElo "2366"]
[WhiteFideId "1510045"]
[BlackFideId "2301288"]
[EventDate "2015.03.10"]

1. e4 c5 2. Nf3 e6 3. d4 cxd4 4. Nxd4 a6 5. c4 Nf6 6. Nc3 Bb4 7. Qd3 d5 8. exd5
exd5 9. Be2 O-O 10. O-O dxc4 11. Qxc4 Bd6 12. Rd1 Nbd7 13. Ne6 Bxh2+ 14. Kxh2
fxe6 15. Qxe6+ Kh8 16. Bf4 Nh5 17. Bd6 Nf4 18. Qe3 Nxe2 19. Bxf8 Qh4+ 20. Qh3
Qf4+ 21. Kh1 Nxc3 22. Bxg7+ Kxg7 23. Qxc3+ Nf6 24. Rd8 Qxf2 25. Rxc8 Qh4+ 26.
Kg1 Rxc8 27. Qxc8 Qd4+ 28. Kh1 Ne4 29. Qxb7+ Kg6 30. Qxa6+ Kg5 31. Qa5+ Kg6 32.
Qe1 Nf2+ 33. Kh2 Ng4+ 34. Kg3 Ne3 35. Kf3 Nf5 36. Rd1 Qxb2 37. Qe6+ Kg5 38. Qg8+ 1-0

[Event "Reykjavik Open 2015"]
[Site "Reykjavik ISL"]
[Date "2015.03.11"]
[Round "3.17"]
[White "Idani, Pouya"]
[Black "Christiansen, Johan-Sebastian"]
[Result "0-1"]
[WhiteTitle "GM"]
[BlackTitle "FM"]
[WhiteElo "2496"]
[BlackElo "2351"]
[WhiteFideId "12510130"]
[BlackFideId "1512668"]
[EventDate "2015.03.10"]

1. e4 e6 2. d4 d5 3. Nd2 c5 4. Ngf3 cxd4 5. exd5 Qxd5 6. Bc4 Qd6 7. O-O Nc6 8.
Ne4 Qd8 9. Qe2 Be7 10. Rd1 Nf6 11. c3 O-O 12. Nxd4 Nxd4 13. Rxd4 Qc7 14. Nxf6+
Bxf6 15. Bf4 e5 16. Bg3 Bd7 17. Re4 Rfe8 18. Re1 Qc5 19. Qe3 Qc6 20. Bb3 a5 21.
Rc4 Qa6 22. Rc5 0-1

[Event "Reykjavik Open 2015"]
[Site "Reykjavik ISL"]
[Date "2015.03.11"]
[Round "3.18"]
[White "Welling, Gerard"]
[Black "Kjartansson, Gudmundur"]
[Result "1/2-1/2"]
[WhiteTitle "IM"]
[BlackTitle "IM"]
[WhiteElo "2355"]
[BlackElo "2491"]
[WhiteFideId "1000446"]
[BlackFideId "2301318"]
[EventDate "2015.03.10"]

1. d4 Nf6 2. Nf3 e6 3. e3 c5 4. Bd3 d5 5. c3 Nbd7 6. Nbd2 Bd6 7. O-O O-O 8. e4
cxd4 9. cxd4 dxe4 10. Nxe4 Nxe4 11. Bxe4 Nf6 12. Bc2 b6 13. Bg5 Bb7 14. Qd3 g6
15. Rfe1 Be7 16. Bh6 Re8 17. Ba4 Nd7 18. Qb5 Bxf3 19. Qxd7 Qxd7 20. Bxd7 Red8
21. Bxe6 Bb4 22. Re5 1/2-1/2

[Event "Reykjavik Open 2015"]
[Site "Reykjavik ISL"]
[Date "2015.03.11"]
[Round "3.19"]
[White "Rombaldoni, Axel"]
[Black "Bisby, Daniel L"]
[Result "0-1"]
[WhiteTitle "GM"]
[BlackTitle "FM"]
[WhiteElo "2488"]
[BlackElo "2321"]
[WhiteFideId "815837"]
[BlackFideId "404586"]
[EventDate "2015.03.10"]

1. d4 Nf6 2. c4 g6 3. Nf3 Bg7 4. g3 O-O 5. Bg2 d6 6. O-O c6 7. h3 Bf5 8. g4 Be6
9. Nbd2 d5 10. Qc2 Na6 11. c5 Qc8 12. Ne5 h5 13. g5 Nd7 14. Nxd7 Qxd7 15. Qc3 b6
16. b4 bxc5 17. bxc5 Rab8 18. Nb3 Rb4 19. Bf4 Rc4 20. Qa5 Bxh3 21. f3 Nb4 22.
Rad1 Bxg2 23. Kxg2 Qf5 24. Be3 Nc2 25. Qd2 e5 26. Na5 Nxe3+ 27. Qxe3 exd4 28.
Qe7 Rc2 29. Nxc6 d3 30. Rf2 dxe2 31. Re1 d4 32. Rfxe2 Rxc5 33. Ne5 Rxe5 34. Rxe5
Bxe5 35. Rxe5 Qc2+ 36. Re2 Qc4 37. Rf2 Qd5 38. Rd2 Rc8 39. Kf2 a5 40. Qa7 d3 41.
Qa6 Qc5+ 0-1